Network security essentials : (رقم التسجيلة. 31898)

تفاصيل مارك
000 -الفاتح
حقل البيانات ثابتة الطول 01041cam a2200301 i 4500
001 - رقم الضبط
رقم الضبط 17622095
003 - محدد رقم الضبط
رقم الضبط OSt
005 - وقت وتاريخ اخر تعامل مع التسجيلة
رقم الضبط 20150408114149.0
008 - عناصر البيانات ثابتة الطول - معلومات عامة
حقل البيانات ثابتة الطول 130211s2014 maua b 001 0 eng
010 ## - رقم ضبط مكتبة الكونجرس
رقم ضبط مكتبة الكونجرس 2012047341
020 ## - الرقم الدولى المعيارى للكتب
الرقم الدولى المعيارى للكتاب 9780133370430 (pbk. : alk. paper)
020 ## - الرقم الدولى المعيارى للكتب
الرقم الدولى المعيارى للكتاب 0133370437 (pbk. : alk. paper)
020 ## - الرقم الدولى المعيارى للكتب
الرقم الدولى المعيارى للكتاب 9780273793366
040 ## - مصدر الفهرسة
وكالة الفهرسة الأصلية DLC
لغة الفهرسة eng
وكالة النسخ DLC
قواعد الوصف rda
وكالة التعديل DLC
042 ## - رمز التحقق
رمز التحقق pcc
050 00 - رقم طلب مكتبة الكونجرس
رقم التصنيف TK5105.59
رقم المادة .S725 2014
082 00 - رقم تصنيف ديوى العشرى
رقم التصنيف 005.8
رقم الطبعة 23
رقم المادة SWN
100 1# - المدخل الرئيسى - إسم شخصى
الإسم الشخصى Stallings, William.
9 (RLIN) 10434
245 10 - بيان العنوان
العنوان Network security essentials :
بقية العنوان applications and standards /
بيان المسئوليه,etc William Stallings.
250 ## - بيان الطبعة
بيان الطبعة Fifth edition.
300 ## - الوصف المادى
التعداد xvii, 427 pages :
تفاصيل ماديه اخرى للوعاء illustrations ;
أبعاد الوعاء 23 cm
504 ## - تبصرة ببليوجرافية
تبصرة ببليوجرافية,الخ Includes bibliographical references (pages 405-415) and index.
650 #0 - المدخل الاضافى بالموضوع-مصطلح موضوعى
مصطلح موضوعي أو اسم جغرافي كعنصر مدخل Computer networks
التقسيم الفرعي العام Security measures.
650 #0 - المدخل الاضافى بالموضوع-مصطلح موضوعى
مصطلح موضوعي أو اسم جغرافي كعنصر مدخل Computer security.
906 ## - عنصر بيانات محلى F, LDF (RLIN)
a 7
b cbc
c orignew
d 1
e ecip
f 20
g y-gencatlg
942 ## - عناصر المدخل الإضافي( كوها)
مصدر التصنيف او مخطط الترفيف Dewey Decimal Classification
Koha [default] item type كتاب
المقتنيات
حالة الفقد نموذج السعر الفعال حالة تلف ليس للاعارة رقم الطلب تاريخ الاكتساب الموقع الحالي الباركود الفرع الرئيسي Date last seen نوع المادة فى نظام كوها مصدر التصنيف او خطة الترفيف Total Checkouts Date last checked out
  2013-11-11     005.8 SWN 2013-11-11 المكتبة المركزية بالمجمعة (CL) 00651027 المكتبة المركزية بالمجمعة (CL) 2013-11-11 كتاب Dewey Decimal Classification    
  2013-11-11     005.8 SWN 2013-11-11 المكتبة المركزية بالمجمعة (CL) 00651028 المكتبة المركزية بالمجمعة (CL) 2013-11-11 كتاب Dewey Decimal Classification    
  2013-11-11     005.8 SWN 2013-11-11 مكتبة مجمع الكليات بالزلفى - طلاب (SZM) 00651029 المكتبة المركزية بالمجمعة (CL) 2022-02-20 كتاب Dewey Decimal Classification 2 2021-09-06
  2013-11-11     005.8 SWN 2013-11-11 مكتبة مجمع الكليات بالزلفى - طلاب (SZM) 00651030 مكتبة مجمع الكليات بالزلفى - طلاب (SZM) 2013-11-11 كتاب Dewey Decimal Classification    
  2013-11-11     005.8 SWN 2013-11-11 مكتبة مجمع الكليات بالزلفى - طلاب (SZM) 00651031 مكتبة مجمع الكليات بالزلفى - طلاب (SZM) 2013-11-11 كتاب Dewey Decimal Classification    
  2013-11-11     005.8 SWN 2013-11-11 مكتبة مجمع الكليات بالزلفى - طلاب (SZM) 00651032 مكتبة مجمع الكليات بالزلفى - طلاب (SZM) 2013-11-11 كتاب Dewey Decimal Classification